000 00597nam a2200217Ia 4500
003 OSt
005 20230324152918.0
008 210423s2007 xx 000 0 und d
020 _a195622036
040 _cAL
041 _aeng
082 _a820.9358
_223
_bBOEE
100 _aBOEHMER (Elleke).
_977580
245 _aColonial and postcolonial literature: migrant metaphors.
250 _a2
260 _aNew Delhi
_bOxford University Press
_c2007
300 _avi,351
_bPB
365 _b195
_cINR
906 _aColonial ; literature ; Metaphors ; Migrant ; postcolonial
942 _2ddc
_cBK
999 _c155860
_d155860